[Event "BL2 Sued 0102 (Women)"]
[Site "Germany"]
[Date "2002.03.02"]
[Round "6.6"]
[White "Koester, Sabrina"]
[Black "Klein, Cornelia"]
[Result "1/2-1/2"]
[WhiteElo "1672"]
[BlackElo "1739"]
[PlyCount "140"]
[EventDate "2001.10.27"]
[EventType "team-tourn"]
[EventRounds "7"]
[EventCountry "GER"]
[SourceTitle "EXT 2003"]
[Source "ChessBase"]
[SourceDate "2002.11.25"]
[SourceVersion "1"]
[SourceVersionDate "2002.11.25"]
[SourceQuality "1"]
[WhiteTeam "Dortmund Brackel"]
[BlackTeam "Schott Mainz"]
[WhiteTeamCountry "GER"]
[BlackTeamCountry "GER"]

1. d4 d5 2. c4 e6 3. Nc3 Nf6 4. Bg5 Nbd7 5. cxd5 exd5 6. e3 c6 7. Bd3 Bd6 8. Qc2 h6 9. Bh4 0-0 10. Nf3 Nb6 11. 0-0 Bg4 12. Nd2 Rc8 13. Bg3 Re8 14. Rab1 c5 15. Bxd6 Qxd6 16. dxc5 Qxc5 17. Nb3 Qd6 18. Bf5 Bxf5 19. Qxf5 Re5 20. Nb5 Qb8 21. Qf4 a6 22. N5d4 Nc4 23. Nf3 Re4 24. Qxb8 Rxb8 25. Nbd2 Ree8 26. b3 Nd6 27. Rbc1 Rbc8 28. h3 Kf8 29. Nd4 Nde4 30. N2f3 g6 31. Nh2 Nc5 32. Ng4 Nxg4 33. hxg4 Nd3 34. Rxc8 Rxc8 35. Rd1 Nb4 36. a3 Nc6 37. b4 Ne7 38. Rd3 Nc6 39. f3 Ne5 40. Rb3 Rc1+ 41. Kf2 Nc4 42. a4 b6 43. Ne2 Rd1 44. Nf4 Ke7 45. Rd3 Rxd3 46. Nxd3 Kd6 47. a5 bxa5 48. bxa5 Nxa5 49. Nb4 Nc6 50. Nxa6 Ke5 51. Nc5 d4 52. exd4+ Kxd4 53. Ne4 Ne5 54. Nd6 Kd5 55. Nb5 Nd3+ 56. Ke3 Ne1 57. Kf2 Nd3+ 58. Ke3 Nc5 59. Nc3+ Ke5 60. f4+ Ke6 61. Ne4 Nb3 62. g3 f5 63. Nf2 Nc5 64. gxf5+ Kxf5 65. g4+ Ke6 66. Ne4 Nd7 67. Ng3 Nf6 68. Kf3 Nd7 69. f5+ gxf5 70. Nxf5 Ne5+ 1/2-1/2

[Event "BL2 Sued 0102 (Women)"]
[Site "Germany"]
[Date "2001.10.27"]
[Round "1.6"]
[White "Klein, Cornelia"]
[Black "Siebert, Kathrin"]
[Result "1-0"]
[WhiteElo "1739"]
[BlackElo "1549"]
[PlyCount "123"]
[EventDate "2001.10.27"]
[EventType "team-tourn"]
[EventRounds "7"]
[EventCountry "GER"]
[SourceTitle "EXT 2003"]
[Source "ChessBase"]
[SourceDate "2002.11.25"]
[SourceVersion "1"]
[SourceVersionDate "2002.11.25"]
[SourceQuality "1"]
[WhiteTeam "Schott Mainz"]
[BlackTeam "Wattenscheid"]
[WhiteTeamCountry "GER"]
[BlackTeamCountry "GER"]

1. e4 c5 2. c3 d6 3. d4 cxd4 4. cxd4 e6 5. Nc3 a6 6. Nf3 Be7 7. a3 Nc6 8. Bc4 Nf6 9. d5 exd5 10. exd5 Ne5 11. Nxe5 dxe5 12. 0-0 0-0 13. b4 Qc7 14. Qb3 b5 15. Bd3 Bb7 16. Rd1 Rac8 17. Bb2 Bd6 18. g3 Qb6 19. Bf5 Rc4 20. Bh3 Bc8 21. Bf1 Ng4 22. Rd2 Rc7 23. Ne4 Re8 24. Re1 Rce7 25. Rc1 Bb7 26. Bg2 Rd8 27. h3 Nh6 28. Re1 Nf5 29. Nxd6 Qxd6 30. g4 Nh4 31. Be4 Rf8 32. Qd3 h6 33. Rde2 Bc8 34. Bxe5 Rxe5 35. Bh7+ Kh8 36. Rxe5 g6 37. Bxg6 Nxg6 38. Re8 Bd7 39. Rxf8+ Nxf8 40. Qf3 Kg7 41. Qc3+ Kg8 42. Qd4 Ne6 43. Qe5 Qxe5 44. Rxe5 Nf8 45. f4 Kg7 46. Kf2 Ng6 47. Re4 f5 48. Re3 fxg4 49. hxg4 Bxg4 50. Kg3 Bf5 51. Re8 Bd7 52. Ra8 Kf7 53. Rxa6 Ne7 54. Kf3 Nxd5 55. Rxh6 Be8 56. Rd6 Nf6 57. Ke3 Ke7 58. Ra6 Kf7 59. Kd4 Ke7 60. Ke5 Nd7+ 61. Kf5 Nf8 62. Ke5 1-0

[Event "DDMM (Women)"]
[Site "Weilburg"]
[Date "1999.05.??"]
[Round "2.8"]
[White "Schwebbach, Angelika"]
[Black "Klein, Cornelia"]
[Result "1/2-1/2"]
[WhiteElo "1730"]
[BlackElo "1745"]
[PlyCount "32"]
[EventDate "1999.??.??"]
[EventType "team"]
[EventRounds "5"]
[EventCountry "GER"]
[SourceTitle "EXT 2002"]
[Source "ChessBase"]
[SourceDate "2001.11.25"]
[SourceVersion "1"]
[SourceVersionDate "2001.11.25"]
[SourceQuality "1"]

1. e4 e5 2. Nf3 Nc6 3. d4 exd4 4. Bc4 Nf6 5. 0-0 d5 6. exd5 Nxd5 7. Nxd4 Nxd4 8. Qxd4 Be6 9. Re1 c6 10. Nd2 Nc7 11. Nf3 Qxd4 12. Nxd4 0-0-0 13. Nxe6 Nxe6 14. Be3 Kb8 15. c3 Bd6 16. b4 b5 1/2-1/2